000 01077nab a22002417a 4500
999 _c5968
_d5968
003 OSt
005 20260114142635.0
008 190605e xxu||||| |||| 00| 0 spa d
040 _cPJ
100 _94584
_aMansilla, Alberto
245 1 0 _a¿El despido discriminatorio está de moda? /
_cAlberto Mansilla, Daiana M. López.
260 _aCiudad Autónoma de Buenos Aires :
_bThomson Reuters La Ley,
_c2024.
300 _ap. 89-94
500 _aCita: TR LALEY AR/DOC/2999/2024.
505 _aSumario: I. El plano normativo.— II. El plano jurisprudencial.— III. El plano práctico.— IV. El plano del futuro.— V. La respuesta a la pregunta.
505 _t¿Te interesa el texto completo? Solicitalo al correo: koha@justierradelfuego.gov.ar
650 0 _91316
_aDERECHO LABORAL
650 0 _91533
_aDESPIDO
650 0 _91577
_aDISCRIMINACION LABORAL
700 _96804
_aLópez, Daiana M.
773 0 _02711
_93168
_dCiudad Autónoma de Buenos Aires : Thomson Reuters La Ley, 1999-2002.
_tRevista de derecho del trabajo. Nº 6 - Noviembre 2024
942 _2udc
_cANA